[Event "Karlsruhe Grenke op"]
[Site "Karlsruhe"]
[Date "2024.03.31"]
[Round "6"]
[White "Petkidis, Anthony"]
[Black "Ivic, Velimir"]
[Result "0-1"]
[WhiteElo "2423"]
[BlackElo "2582"]
[PlyCount "76"]
[EventDate "2024.03.28"]
[EventType "swiss"]
[EventRounds "9"]
[EventCountry "GER"]
[SourceTitle "CB14_2024"]
[SourceDate "2024.04.01"]
[SourceVersion "1"]
[SourceVersionDate "2024.04.01"]
[SourceQuality "1"]

1. e4 c5 2. Nf3 d6 3. d4 cxd4 4. Nxd4 Nf6 5. Nc3 a6 6. f3 e5 7. Nb3 Be6 8. Be3 Be7 9. Qd2 h5 10. Be2 Nbd7 11. Nd5 Bxd5 12. exd5 Qc7 13. Rc1 h4 14. c4 Nh5 15. g4 Nf4 16. Bxf4 exf4 17. Qxf4 Bf6 18. Qe3+ Kf8 19. Qd2 g6 20. g5 Bg7 21. 0-0 Re8 22. Rf2 Qb6 23. Rd1 h3 24. f4 Rh4 25. Bf1 a5 26. Kh1 a4 27. c5 dxc5 28. Na5 Bd4 29. Rf3 Qd6 30. Bxh3 Nb6 31. b4 axb3 32. axb3 Nxd5 33. Nxb7 Qc6 34. Na5 Qc7 35. f5 Re3 36. Rxe3 Nxe3 37. Rc1 Rxh3 38. Qxd4 Qxh2# 0-1

[Event "Bundesliga 2324"]
[Site "Germany"]
[Date "2023.10.21"]
[Round "1.2"]
[White "Fressinet, Laurent"]
[Black "Petkidis, Anthony"]
[Result "1/2-1/2"]
[WhiteElo "2643"]
[BlackElo "2429"]
[PlyCount "89"]
[EventDate "2023.10.21"]
[EventType "team-tourn"]
[EventRounds "15"]
[EventCountry "GER"]
[SourceTitle "Mega2024 Update 01"]
[Source "Chessbase"]
[SourceDate "2023.11.12"]
[SourceVersion "1"]
[SourceVersionDate "2023.11.12"]
[SourceQuality "1"]
[WhiteTeam "Werder Bremen"]
[BlackTeam "Lister Turm"]
[WhiteTeamCountry "GER"]
[BlackTeamCountry "GER"]

1. Nf3 Nf6 2. c4 e6 3. g3 d5 4. Bg2 Be7 5. 0-0 0-0 6. d4 a5 7. Nc3 c6 8. Bf4 Nh5 9. Bxb8 Rxb8 10. e4 Nf6 11. Ne5 Nxe4 12. Nxe4 dxe4 13. Bxe4 f6 14. Nf3 c5 15. Re1 f5 16. Bc2 Bf6 17. dxc5 Bxb2 18. Qxd8 Rxd8 19. Rab1 Ba3 20. c6 Rd6 21. Ba4 Bb4 22. Re3 b6 23. Ne5 Rd2 24. Rd3 Rxd3 25. Nxd3 Bd6 26. f4 Kf7 27. Kf2 Ke7 28. Bb5 a4 29. Ne5 a3 30. Rd1 Ra8 31. Ke2 Bc7 32. h3 Bd6 33. Kf3 Ra7 34. g4 Bc5 35. Nd7 Bxd7 36. cxd7 Ra8 37. gxf5 Rf8 38. fxe6 Bd6 39. Rd4 g5 40. f5 Rxf5+ 41. Kg2 Rf8 42. Re4 Rf4 43. Re2 Bc5 44. Rd2 Rd4 45. Rxd4 1/2-1/2

[Event "EU-Cup 38th"]
[Site "Durres"]
[Date "2023.10.07"]
[Round "7.4"]
[White "Petkidis, Anthony"]
[Black "Favier, Alain"]
[Result "1-0"]
[WhiteElo "2429"]
[BlackElo "2023"]
[PlyCount "73"]
[EventDate "2023.10.01"]
[EventType "team-swiss"]
[EventRounds "7"]
[EventCountry "ALB"]
[SourceTitle "EXT 2024"]
[Source "ChessBase"]
[SourceDate "2023.10.10"]
[SourceVersion "1"]
[SourceVersionDate "2023.10.10"]
[SourceQuality "1"]
[WhiteTeam "Zuerich SG"]
[BlackTeam "Differdange"]
[WhiteTeamCountry "SUI"]
[BlackTeamCountry "LUX"]

1. e4 c5 2. Nf3 d6 3. d4 cxd4 4. Nxd4 Nf6 5. Nc3 a6 6. f3 e5 7. Nb3 Be6 8. Be3 h5 9. Nd5 Nxd5 10. exd5 Bf5 11. Bd3 Bc8 12. Qd2 Be7 13. 0-0-0 Nd7 14. Kb1 a5 15. a4 Kf8 16. Rhf1 Nf6 17. f4 e4 18. Bb5 Bg4 19. Rde1 h4 20. c4 Bf5 21. Nd4 Bg6 22. f5 Bh5 23. Rf4 Ng4 24. Rxe4 Ne5 25. c5 Kg8 26. Bf4 f6 27. Ne6 Qb8 28. c6 bxc6 29. dxc6 Bf7 30. Bxe5 fxe5 31. Rg4 Bxe6 32. fxe6 Qb6 33. Rf1 Ra7 34. Rf7 Bf8 35. Rxa7 Qxa7 36. Qc2 Qc7 37. e7 1-0

[Event "EU-Cup 37th"]
[Site "Mayrhofen"]
[Date "2022.10.08"]
[Round "6.3"]
[White "Nihal, Sarin"]
[Black "Petkidis, Anthony"]
[Result "1-0"]
[WhiteElo "2673"]
[BlackElo "2447"]
[PlyCount "85"]
[EventDate "2022.10.03"]
[EventType "team-swiss"]
[EventRounds "7"]
[EventCountry "AUT"]
[SourceTitle "CBM 210 Extra"]
[Source "ChessBase"]
[SourceDate "2022.11.30"]
[SourceVersion "1"]
[SourceVersionDate "2022.11.30"]
[SourceQuality "1"]
[WhiteTeam "Ljubljana Tajfun"]
[BlackTeam "Zuerich SG"]
[WhiteTeamCountry "SLO"]
[BlackTeamCountry "SUI"]

1. d4 Nf6 2. c4 e6 3. Nc3 Bb4 4. e3 0-0 5. Bd2 d5 6. Nf3 b6 7. cxd5 exd5 8. Rc1 Re8 9. Nb5 Bxd2+ 10. Nxd2 c6 11. Nc3 Nbd7 12. Be2 c5 13. Nf3 Bb7 14. 0-0 Ne4 15. dxc5 Nxc3 16. Rxc3 Nxc5 17. Nd4 a5 18. Bb5 Rf8 19. Bc6 Qc7 20. Bxb7 Qxb7 21. Qg4 Qe7 22. Rd1 g6 23. h3 Qf6 24. Rc2 Rfd8 25. b3 h5 26. Qe2 Rd6 27. g3 Re8 28. Kg2 Qe5 29. h4 Rf6 30. Nf3 Qf5 31. Ng5 Ne6 32. Nxe6 Rexe6 33. Rcd2 Qe4+ 34. Kg1 Rd6 35. Rd4 Qe5 36. Qd2 Rd7 37. Rxd5 Rxd5 38. Qxd5 Qb2 39. Rd2 Qc1+ 40. Kg2 b5 41. Qa8+ Kg7 42. Qxa5 Kh7 43. Qd8 1-0

[Event "SUI-chT"]
[Site "Switzerland"]
[Date "2022.09.04"]
[Round "5.6"]
[White "Petkidis, Anthony"]
[Black "Sigfusson, Sigurdur Dadi"]
[Result "1-0"]
[WhiteElo "2435"]
[BlackElo "2298"]
[PlyCount "41"]
[EventDate "2022.05.01"]
[EventType "team-tourn"]
[EventRounds "9"]
[EventCountry "SUI"]
[SourceTitle "EXT 2023"]
[Source "ChessBase"]
[SourceDate "2022.10.05"]
[SourceVersion "1"]
[SourceVersionDate "2022.10.05"]
[SourceQuality "1"]
[WhiteTeam "Zuerich"]
[BlackTeam "Reti"]
[WhiteTeamCountry "SUI"]
[BlackTeamCountry "SUI"]

1. e4 e5 2. Nf3 Nc6 3. Bc4 Nf6 4. d3 h6 5. 0-0 g6 6. d4 Qe7 7. Nxe5 Nxe5 8. dxe5 Qxe5 9. Nc3 d6 10. Nd5 Nxd5 11. exd5 Be7 12. Re1 Qg7 13. Qe2 f6 14. Bb5+ Kf8 15. Qc4 a6 16. Qxc7 axb5 17. Bf4 Rh7 18. Rxe7 Qxe7 19. Bxd6 Ke8 20. Bxe7 Rxe7 21. Qc3 1-0

[Event "SUI-chT"]
[Site "Switzerland"]
[Date "2022.09.03"]
[Round "4.4"]
[White "Baeumer, Lars"]
[Black "Petkidis, Anthony"]
[Result "0-1"]
[WhiteElo "2238"]
[BlackElo "2435"]
[PlyCount "94"]
[EventDate "2022.05.01"]
[EventType "team-tourn"]
[EventRounds "9"]
[EventCountry "SUI"]
[SourceTitle "EXT 2023"]
[Source "ChessBase"]
[SourceDate "2022.10.05"]
[SourceVersion "1"]
[SourceVersionDate "2022.10.05"]
[SourceQuality "1"]
[WhiteTeam "Nimzowitsch"]
[BlackTeam "Zuerich"]
[WhiteTeamCountry "SUI"]
[BlackTeamCountry "SUI"]

1. d4 Nf6 2. c4 e6 3. g3 c5 4. d5 exd5 5. cxd5 d6 6. Nc3 g6 7. Bg2 Bg7 8. Nf3 0-0 9. 0-0 Re8 10. Bf4 h6 11. Ne1 Bf5 12. f3 g5 13. Bd2 Nbd7 14. Nc2 Bg6 15. Ne3 Nh5 16. Nc4 Ne5 17. Nxe5 Bxe5 18. f4 gxf4 19. gxf4 Bd4+ 20. e3 Rxe3 21. Bxe3 Bxe3+ 22. Kh1 Bxf4 23. Qg4 Qg5 24. Qxg5 hxg5 25. Rae1 Be5 26. Be4 Kg7 27. Bxg6 Kxg6 28. Ne2 f5 29. b3 Rh8 30. Kg1 Nf6 31. Ng3 f4 32. Ne4 Nxd5 33. Nxd6 Ne3 34. Nc4 Bd4 35. Nxe3 Bxe3+ 36. Kh1 g4 37. Re2 Rd8 38. Rg2 Kf5 39. Re2 Rd3 40. Rc2 b5 41. Re1 f3 42. Rf1 Kf4 43. Rb1 Bd4 44. Re1 f2 45. Rec1 Kf3 46. Rf1 Be3 47. Rb1 g3 0-1

[Event "SUI-chT"]
[Site "Switzerland"]
[Date "2022.05.15"]
[Round "2.4"]
[White "Pahud, Cedric"]
[Black "Petkidis, Anthony"]
[Result "0-1"]
[WhiteElo "2211"]
[BlackElo "2435"]
[PlyCount "58"]
[EventDate "2022.05.01"]
[EventType "team-tourn"]
[EventRounds "9"]
[EventCountry "SUI"]
[SourceTitle "EXT 2023"]
[Source "ChessBase"]
[SourceDate "2022.10.05"]
[SourceVersion "1"]
[SourceVersionDate "2022.10.05"]
[SourceQuality "1"]
[WhiteTeam "Echallens"]
[BlackTeam "Zuerich"]
[WhiteTeamCountry "SUI"]
[BlackTeamCountry "SUI"]

1. e4 c6 2. d4 d5 3. exd5 cxd5 4. Bd3 Nc6 5. c3 Nf6 6. Bf4 Bg4 7. Qb3 Qd7 8. Nd2 e6 9. Ngf3 Bd6 10. Ne5 Qc7 11. Nxg4 Bxf4 12. Nxf6+ gxf6 13. 0-0-0 Nxd4 14. Qa4+ Nc6 15. g3 Bd6 16. Kb1 0-0-0 17. Rc1 Be7 18. Nb3 Kb8 19. c4 dxc4 20. Bxc4 Qb6 21. Bb5 Nb4 22. a3 a6 23. Bc4 Nd3 24. Rc3 Nxf2 25. Rhc1 Ne4 26. R3c2 f5 27. Bf1 Bg5 28. Rc6 Qxb3 29. Qa5 bxc6 0-1

[Event "SUI-chT"]
[Site "Switzerland"]
[Date "2022.05.01"]
[Round "1.4"]
[White "Petkidis, Anthony"]
[Black "N'Guyen, Emilien"]
[Result "1-0"]
[WhiteElo "2435"]
[BlackElo "2172"]
[PlyCount "57"]
[EventDate "2022.05.01"]
[EventType "team-tourn"]
[EventRounds "9"]
[EventCountry "SUI"]
[SourceTitle "EXT 2023"]
[Source "ChessBase"]
[SourceDate "2022.10.05"]
[SourceVersion "1"]
[SourceVersionDate "2022.10.05"]
[SourceQuality "1"]
[WhiteTeam "Zuerich"]
[BlackTeam "Nyon"]
[WhiteTeamCountry "SUI"]
[BlackTeamCountry "SUI"]

1. d4 d5 2. c4 dxc4 3. e4 b5 4. a4 c6 5. axb5 cxb5 6. Nc3 a6 7. Nxb5 axb5 8. Rxa8 Bb7 9. Ra1 e6 10. Ne2 Bxe4 11. Nc3 Bb4 12. Be2 Bxg2 13. Rg1 Bc6 14. Rxg7 Ne7 15. Bg5 Qc7 16. Bxe7 Bxe7 17. Bh5 Rf8 18. Qe2 Qxh2 19. Bf3 b4 20. d5 bxc3 21. dxc6 Bf6 22. Rg3 cxb2 23. Rd1 Bd4 24. Qd2 e5 25. c7 Kd7 26. Qxb2 Na6 27. Qb5+ Kxc7 28. Qc6+ Kb8 29. Qb7# 1-0

[Event "Bassano del Grappa Easter op-A 2nd"]
[Site "Bassano del Grappa"]
[Date "2022.04.17"]
[Round "7"]
[White "Petkidis, Anthony"]
[Black "Peycheva, Gergana"]
[Result "1-0"]
[WhiteElo "2416"]
[BlackElo "2287"]
[PlyCount "97"]
[EventDate "2022.04.14"]
[EventType "swiss"]
[EventRounds "9"]
[EventCountry "ITA"]
[SourceTitle "EXT 2024"]
[Source "ChessBase"]
[SourceDate "2023.10.10"]
[SourceVersion "1"]
[SourceVersionDate "2023.10.10"]
[SourceQuality "1"]

1. c4 e6 2. Nf3 d5 3. g3 Nf6 4. Bg2 Be7 5. 0-0 0-0 6. b3 b6 7. Bb2 Bb7 8. e3 c5 9. Nc3 Nbd7 10. Qe2 Rc8 11. Rac1 Qc7 12. cxd5 exd5 13. d4 Qb8 14. Ne5 Rcd8 15. Nxd7 Rxd7 16. dxc5 bxc5 17. Na4 d4 18. Nxc5 Bxc5 19. Rxc5 d3 20. Qd1 Bxg2 21. Kxg2 Qb7+ 22. f3 Ng4 23. Qd2 Re8 24. e4 Nf6 25. Re1 Qb6 26. b4 h6 27. a3 Qe6 28. Re5 Qb3 29. Rc5 Nd5 30. Kf2 Nb6 31. Rc3 Qa2 32. Ra1 Qe6 33. Rxd3 Nc4 34. Qc3 Ne5 35. Rxd7 Qxd7 36. Kg1 f6 37. Qb3+ Kh7 38. Rd1 Qb5 39. Bxe5 Rxe5 40. Qd3 Qb6+ 41. Kg2 Qc6 42. Rd2 Kh8 43. Qb3 Qc7 44. Rd5 Re8 45. Qd3 Qb6 46. Rd6 Qb8 47. b5 Rc8 48. a4 Qc7 49. Rc6 1-0

[Event "SUI-chT"]
[Site "Switzerland"]
[Date "2021.12.12"]
[Round "9.5"]
[White "Gaehwiler, Gabriel"]
[Black "Petkidis, Anthony"]
[Result "1/2-1/2"]
[WhiteElo "2402"]
[BlackElo "2405"]
[PlyCount "59"]
[EventDate "2021.08.29"]
[EventType "team-tourn"]
[EventRounds "9"]
[EventCountry "SUI"]
[SourceTitle "EXT 2023"]
[Source "ChessBase"]
[SourceDate "2022.10.05"]
[SourceVersion "1"]
[SourceVersionDate "2022.10.05"]
[SourceQuality "1"]
[WhiteTeam "Luzern"]
[BlackTeam "Zuerich"]
[WhiteTeamCountry "SUI"]
[BlackTeamCountry "SUI"]

1. Nf3 Nf6 2. d4 d5 3. g3 e6 4. Bg2 b5 5. 0-0 Be7 6. b3 Bb7 7. c4 bxc4 8. bxc4 dxc4 9. Qa4+ Nbd7 10. Ne5 Bxg2 11. Kxg2 Qc8 12. Ba3 Bxa3 13. Nxa3 0-0 14. Naxc4 Nxe5 15. dxe5 Nd5 16. e4 Nb6 17. Qc6 Nxc4 18. Qxc4 c5 19. Rfd1 Rb8 20. Rac1 Qb7 21. Qxc5 Qxe4+ 22. Kg1 Qa4 23. Rd2 h5 24. Qc6 Qa5 25. Qc3 Qa6 26. Qc4 Qa5 27. Qc3 Qa6 28. Qc4 Qa5 29. Qc3 Qa6 30. Qc4 1/2-1/2

[Event "SUI-chT"]
[Site "Switzerland"]
[Date "2021.11.06"]
[Round "6.5"]
[White "Petkidis, Anthony"]
[Black "Jusup, Matej"]
[Result "1-0"]
[WhiteElo "2405"]
[BlackElo "2267"]
[PlyCount "97"]
[EventDate "2021.08.29"]
[EventType "team-tourn"]
[EventRounds "9"]
[EventCountry "SUI"]
[SourceTitle "EXT 2023"]
[Source "ChessBase"]
[SourceDate "2022.10.05"]
[SourceVersion "1"]
[SourceVersionDate "2022.10.05"]
[SourceQuality "1"]
[WhiteTeam "Zuerich"]
[BlackTeam "Reti"]
[WhiteTeamCountry "SUI"]
[BlackTeamCountry "SUI"]

1. d4 Nf6 2. c4 c5 3. d5 b5 4. cxb5 a6 5. bxa6 g6 6. Nc3 Bg7 7. a7 Rxa7 8. e4 d6 9. Be2 0-0 10. Nf3 Qa5 11. Bd2 Rb7 12. b3 Bg4 13. 0-0 Nfd7 14. Na4 Qa7 15. Bc3 Bxf3 16. Bxf3 c4 17. bxc4 Rc8 18. Be2 Ne5 19. c5 dxc5 20. Kh1 c4 21. Bd4 Qa5 22. Bc3 Qa6 23. Qc2 Ra7 24. Nb2 Nbd7 25. Bd4 Rac7 26. Qc3 Bf6 27. f4 Nd3 28. e5 Nxb2 29. Qxb2 Bg7 30. f5 Qa8 31. e6 c3 32. Qb4 Ne5 33. exf7+ Nxf7 34. fxg6 Ne5 35. Bxe5 Bxe5 36. Qe4 Bg7 37. Bd3 c2 38. Rac1 Qxa2 39. h3 Qb2 40. Qe6+ Kh8 41. gxh7 Qb3 42. Qg6 Qxd5 43. Rxc2 Rxc2 44. Bxc2 Qc4 45. Bd3 Qd4 46. Qe6 Rd8 47. Bc4 Kxh7 48. Qf5+ Kh6 49. Bf7 1-0

[Event "SUI-chT"]
[Site "Switzerland"]
[Date "2021.10.10"]
[Round "3.5"]
[White "Petkidis, Anthony"]
[Black "Georgescu, Lena"]
[Result "1-0"]
[WhiteElo "2405"]
[BlackElo "2259"]
[PlyCount "71"]
[EventDate "2021.08.29"]
[EventType "team-tourn"]
[EventRounds "9"]
[EventCountry "SUI"]
[SourceTitle "EXT 2023"]
[Source "ChessBase"]
[SourceDate "2022.10.05"]
[SourceVersion "1"]
[SourceVersionDate "2022.10.05"]
[SourceQuality "1"]
[WhiteTeam "Zuerich"]
[BlackTeam "Winterthur"]
[WhiteTeamCountry "SUI"]
[BlackTeamCountry "SUI"]

1. d4 Nf6 2. c4 e6 3. Nf3 d5 4. g3 dxc4 5. Bg2 a6 6. Ne5 Bb4+ 7. Nc3 Nd5 8. 0-0 0-0 9. Ne4 b5 10. b3 c3 11. Qc2 Bb7 12. Ng5 g6 13. Bh3 Nc6 14. Qe4 f5 15. Nxc6 fxe4 16. Nxd8 Rfxd8 17. Nxe4 Ne7 18. Nc5 Bxc5 19. Bxe6+ Kg7 20. dxc5 Kf6 21. Bg4 b4 22. h4 Kf7 23. f3 Nf5 24. Bf4 Nd4 25. Kf2 Nb5 26. h5 g5 27. Bxg5 Rd5 28. Be3 Re8 29. Rfd1 Rde5 30. Rd7+ Kg8 31. Rd3 c2 32. f4 R5e7 33. Bd2 Bc8 34. Bxc8 Rxe2+ 35. Kf3 Re1 36. Bxe1 1-0

[Event "Belgrade Serbia op"]
[Site "Belgrade"]
[Date "2021.07.07"]
[Round "8"]
[White "Petkidis, Anthony"]
[Black "Akbas, Umut Ata"]
[Result "1/2-1/2"]
[WhiteElo "2401"]
[BlackElo "2141"]
[PlyCount "84"]
[EventDate "2021.07.02"]
[EventType "swiss"]
[EventRounds "9"]
[EventCountry "SRB"]
[SourceTitle "EXT 2022"]
[Source "ChessBase"]
[SourceDate "2021.10.06"]
[SourceVersion "1"]
[SourceVersionDate "2021.10.06"]
[SourceQuality "1"]

1. d4 Nf6 2. Nf3 e6 3. c4 d5 4. g3 Be7 5. Bg2 0-0 6. 0-0 dxc4 7. Qc2 a6 8. a4 Bd7 9. Qxc4 Bc6 10. Bf4 Bd6 11. Nc3 Bxf4 12. gxf4 Bxf3 13. Bxf3 c6 14. a5 Nbd7 15. e3 Rb8 16. Rfd1 Nd5 17. Ne4 Qe7 18. Rdc1 Rfd8 19. Kh1 Qh4 20. Qe2 Nc7 21. Rg1 Nb5 22. Ng5 Nf6 23. Rad1 h6 24. Ne4 Nxe4 25. Bxe4 Nd6 26. Bd3 Qe7 27. Qh5 Qf6 28. Qe5 Ne8 29. Rc1 Rbc8 30. b4 Rd5 31. Qe4 Rcd8 32. Rc5 Kf8 33. Qh7 Ke7 34. Rg2 Qh4 35. Qe4 Qh5 36. Rg1 Nf6 37. Qg2 g6 38. Rgc1 Rg8 39. Re1 Rgd8 40. Rec1 R8d7 41. Rb1 Rd8 42. Rbc1 R8d7 1/2-1/2

[Event "EU-Cup Online Gr-D"]
[Site "Tornelo INT"]
[Date "2021.03.28"]
[Round "5.3"]
[White "Petkidis, Anthony"]
[Black "Maurizzi, Marc Andria"]
[Result "1-0"]
[WhiteElo "2401"]
[BlackElo "2461"]
[PlyCount "101"]
[EventDate "2021.03.27"]
[EventType "team-tourn (rapid)"]
[EventRounds "9"]
[EventCountry "NET"]
[SourceTitle "CBM 201 Extra"]
[Source "ChessBase"]
[SourceDate "2021.05.31"]
[SourceVersion "1"]
[SourceVersionDate "2021.05.31"]
[SourceQuality "1"]
[WhiteTeam "Zuerich SG"]
[BlackTeam "Chartres"]
[WhiteTeamCountry "SUI"]
[BlackTeamCountry "FRA"]

1. e4 c5 2. Nf3 e6 3. d4 cxd4 4. Nxd4 Nf6 5. Nc3 Nc6 6. Ndb5 d6 7. Bf4 e5 8. Bg5 a6 9. Na3 Be6 10. Nc4 Rb8 11. Bxf6 Qxf6 12. Nb6 Qd8 13. Ncd5 g6 14. Bc4 Bg7 15. 0-0 0-0 16. a4 f5 17. Qd3 Kh8 18. f3 Bh6 19. c3 Qh4 20. g3 Qd8 21. a5 Nxa5 22. Ba2 Nc6 23. b4 Bg5 24. Kg2 h5 25. Rad1 f4 26. b5 axb5 27. Qxb5 Rf7 28. Bc4 Qe8 29. Nb4 fxg3 30. hxg3 Nxb4 31. Qxe8+ Rxe8 32. cxb4 Rc7 33. Bxe6 Rxe6 34. Nd5 Rf7 35. Rd3 Kg7 36. Rc3 Re8 37. b5 Ra8 38. Rf2 Ra5 39. Rb3 Bd8 40. Rc2 Rd7 41. Rc8 Kf7 42. Rb8 Ra2+ 43. Kh3 Rc2 44. Ra3 Rb2 45. Raa8 Be7 46. b6 g5 47. Ra7 Bd8 48. Rbxb7 Rxb7 49. Rxb7+ Ke6 50. Rh7 Bxb6 51. Re7# 1-0

[Event "EU-Cup Online Gr-D"]
[Site "Tornelo INT"]
[Date "2021.03.28"]
[Round "8.3"]
[White "Petkidis, Anthony"]
[Black "Samadov, Read"]
[Result "0-1"]
[WhiteElo "2401"]
[BlackElo "2332"]
[PlyCount "58"]
[EventDate "2021.03.27"]
[EventType "team-tourn (rapid)"]
[EventRounds "9"]
[EventCountry "NET"]
[SourceTitle "CBM 201 Extra"]
[Source "ChessBase"]
[SourceDate "2021.05.31"]
[SourceVersion "1"]
[SourceVersionDate "2021.05.31"]
[SourceQuality "1"]
[WhiteTeam "Zuerich SG"]
[BlackTeam "Ganclik"]
[WhiteTeamCountry "SUI"]
[BlackTeamCountry "AZE"]

1. e4 c5 2. Nf3 d6 3. d4 cxd4 4. Nxd4 Nf6 5. Nc3 a6 6. Bg5 Nbd7 7. f4 g6 8. Qe2 e5 9. fxe5 Nxe5 10. 0-0-0 Bg7 11. Nf3 Qa5 12. Bf4 Nh5 13. Bd2 0-0 14. Kb1 Qd8 15. Nxe5 Bxe5 16. g4 Nf6 17. h3 Be6 18. Qf3 Rc8 19. Be2 Qb6 20. Ka1 Qc6 21. Bd3 b5 22. g5 b4 23. Ne2 Qa4 24. Nc1 Rxc2 25. Bxc2 Qxc2 26. Nd3 Qc4 27. Nc1 Nxe4 28. Be1 Qc2 29. Nd3 Nxg5 0-1

[Event "EU-Cup Online Gr-D"]
[Site "Tornelo INT"]
[Date "2021.03.28"]
[Round "9.3"]
[White "Vymazal, Bronislav"]
[Black "Petkidis, Anthony"]
[Result "1-0"]
[WhiteElo "2350"]
[BlackElo "2401"]
[PlyCount "177"]
[EventDate "2021.03.27"]
[EventType "team-tourn (rapid)"]
[EventRounds "9"]
[EventCountry "NET"]
[SourceTitle "CBM 201 Extra"]
[Source "ChessBase"]
[SourceDate "2021.05.31"]
[SourceVersion "1"]
[SourceVersionDate "2021.05.31"]
[SourceQuality "1"]
[WhiteTeam "Brno Moravska Slavia II"]
[BlackTeam "Zuerich SG"]
[WhiteTeamCountry "CZE"]
[BlackTeamCountry "SUI"]

1. e4 e5 2. Nf3 Nc6 3. Bb5 a6 4. Ba4 Nf6 5. 0-0 Be7 6. d3 d6 7. c3 0-0 8. Nbd2 Re8 9. h3 Bf8 10. Re1 b5 11. Bc2 Bb7 12. d4 Nb8 13. b3 Nbd7 14. Bb2 g6 15. a4 Bg7 16. Bd3 c6 17. Qc2 Nh5 18. g3 Rc8 19. axb5 cxb5 20. d5 Qb6 21. Kg2 a5 22. c4 b4 23. Nf1 Nc5 24. Bc1 f5 25. Rb1 Rf8 26. Qe2 Rce8 27. Bc2 f4 28. g4 Nf6 29. Rd1 Bc8 30. Ne1 h5 31. f3 Bd7 32. Nh2 Nh7 33. Nd3 Bf6 34. Qf2 Rc8 35. Bd2 Qd8 36. Be1 Kh8 37. Ra1 Nb7 38. Kf1 hxg4 39. hxg4 Ng5 40. Qa7 Qc7 41. Bf2 Ra8 42. Qb6 Rfc8 43. Qxc7 Rxc7 44. Nxb4 Nc5 45. Nd3 Nxd3 46. Bxd3 Kg7 47. b4 Rh8 48. Kg2 axb4 49. Rdb1 Rb8 50. Rb3 Be7 51. Rab1 Rcb7 52. Be1 Nf7 53. Rxb4 Rxb4 54. Rxb4 Rxb4 55. Bxb4 Bd8 56. c5 dxc5 57. Bxc5 Kf6 58. Nf1 Be7 59. Bb6 Bd8 60. Ba7 Nd6 61. Nd2 Nc8 62. Bb8 Nb6 63. g5+ Kxg5 64. Bxe5 Bf6 65. Bc7 Bd4 66. Nc4 Nxc4 67. Bxc4 Be3 68. e5 Kf5 69. Bd3+ Kg5 70. Bd8+ Kh6 71. e6 Bc8 72. Bb5 Bc5 73. e7 Bxe7 74. Bxe7 g5 75. d6 g4 76. d7 gxf3+ 77. Kxf3 Bxd7 78. Bxd7 Kg6 79. Kxf4 Kf7 80. Bd6 Kg6 81. Be6 Kf6 82. Bf5 Kf7 83. Ke5 Ke8 84. Bc7 Ke7 85. Be6 Ke8 86. Kf6 Kf8 87. Bd7 Kg8 88. Kg6 Kh8 89. Bd6 1-0

[Event "EU-Cup Online Gr-D"]
[Site "Tornelo INT"]
[Date "2021.03.27"]
[Round "4.3"]
[White "McShane, Luke J"]
[Black "Petkidis, Anthony"]
[Result "1-0"]
[WhiteElo "2674"]
[BlackElo "2401"]
[PlyCount "93"]
[EventDate "2021.03.27"]
[EventType "team-tourn (rapid)"]
[EventRounds "9"]
[EventCountry "NET"]
[SourceTitle "CBM 201 Extra"]
[Source "ChessBase"]
[SourceDate "2021.05.31"]
[SourceVersion "1"]
[SourceVersionDate "2021.05.31"]
[SourceQuality "1"]
[WhiteTeam "Guildford"]
[BlackTeam "Zuerich SG"]
[WhiteTeamCountry "ENG"]
[BlackTeamCountry "SUI"]

1. e4 e5 2. Nf3 Nc6 3. Bb5 a6 4. Bxc6 dxc6 5. 0-0 Qf6 6. d4 exd4 7. Bg5 Qd6 8. Nxd4 Be7 9. Be3 Nh6 10. f3 Bd7 11. Nd2 0-0-0 12. Qe2 g5 13. Nc4 Qf6 14. Nb3 Be6 15. Nca5 Qe5 16. Nxc6 bxc6 17. Qxa6+ Kd7 18. Rad1+ Bd6 19. f4 Qb5 20. Qxb5 cxb5 21. e5 Nf5 22. Kf2 Rhe8 23. Bc1 g4 24. exd6 cxd6 25. Nc5+ Ke7 26. Nd3 Rc8 27. Nb4 Rc4 28. c3 Rec8 29. Nd5+ Bxd5 30. Rxd5 R4c5 31. Re1+ Kf6 32. Rxc5 dxc5 33. Be3 b4 34. Rc1 Ra8 35. Ra1 bxc3 36. bxc3 Ra3 37. Bc1 Ra4 38. Ke2 Ke6 39. Kd3 Kd5 40. a3 Re4 41. a4 c4+ 42. Kd2 Rxf4 43. a5 Rf2+ 44. Ke1 Rxg2 45. a6 Ke4 46. a7 Kd3 47. a8Q 1-0

[Event "GER-ch rapid 46th"]
[Site "Plochingen"]
[Date "2020.09.20"]
[Round "8"]
[White "Muranyi, Karl Jasmin"]
[Black "Petkidis, Anthony"]
[Result "1-0"]
[WhiteElo "2331"]
[BlackElo "2406"]
[PlyCount "145"]
[EventDate "2020.09.19"]
[EventType "swiss"]
[EventRounds "9"]
[EventCountry "GER"]
[SourceTitle "CBM 198 Extra"]
[Source "ChessBase"]
[SourceDate "2020.11.30"]
[SourceVersion "1"]
[SourceVersionDate "2020.11.30"]
[SourceQuality "1"]

1. d4 Nf6 2. c3 b6 3. Bf4 Bb7 4. Nd2 e6 5. e3 Be7 6. h3 0-0 7. Ngf3 c5 8. Be2 d6 9. 0-0 Nbd7 10. a4 a6 11. Bh2 Ne4 12. Nxe4 Bxe4 13. Nd2 Bc6 14. Bd3 b5 15. axb5 axb5 16. Qe2 Qb6 17. Bg3 d5 18. f4 f5 19. Nf3 c4 20. Bc2 b4 21. Rfb1 Rxa1 22. Rxa1 b3 23. Bd1 Ra8 24. Rb1 Ra2 25. Qd2 Nf6 26. Bh4 Ne4 27. Qe1 Bf8 28. Ng5 Bb7 29. Nxe4 dxe4 30. g4 Bd5 31. Be2 Qa5 32. Qf1 Qa4 33. Kf2 Kf7 34. Qg1 Qd7 35. gxf5 exf5 36. Qg5 h6 37. Qg1 Be7 38. Bxe7 Qxe7 39. Qg3 Qf6 40. h4 Kf8 41. Kg2 Qa6 42. Qe1 g6 43. Kh3 Kf7 44. Qg1 Qf6 45. Qf1 Qe6 46. Qg1 Qf6 47. Qg3 Ke7 48. h5 gxh5 49. Bxh5 Ra8 50. Rg1 Rg8 51. Qe1 Rxg1 52. Qxg1 Bf7 53. Be2 Qa6 54. Qe1 Kf8 55. Qd1 Qa2 56. Qc1 Ke7 57. Kg3 Qa6 58. Qh1 Kf8 59. Kf2 Qf6 60. Qh3 Kg7 61. Bh5 Be6 62. Qg3+ Kh7 63. Kg2 Bf7 64. Bxf7 Qxf7 65. Qh4 Qg6+ 66. Kf2 Qg4 67. Qxg4 fxg4 68. Kg3 h5 69. f5 Kg7 70. d5 Kf6 71. d6 Kf7 72. Kf4 Ke8 73. f6 1-0

[Event "GER-ch rapid 46th"]
[Site "Plochingen"]
[Date "2020.09.19"]
[Round "5"]
[White "Petkidis, Anthony"]
[Black "Hartge, Gedeon"]
[Result "1/2-1/2"]
[WhiteElo "2406"]
[BlackElo "2234"]
[PlyCount "79"]
[EventDate "2020.09.19"]
[EventType "swiss"]
[EventRounds "9"]
[EventCountry "GER"]
[SourceTitle "CBM 198 Extra"]
[Source "ChessBase"]
[SourceDate "2020.11.30"]
[SourceVersion "1"]
[SourceVersionDate "2020.11.30"]
[SourceQuality "1"]

1. e4 c5 2. Nf3 e6 3. d4 cxd4 4. Nxd4 a6 5. Nc3 Qc7 6. Bd3 Nf6 7. 0-0 d6 8. a4 b6 9. f4 Nbd7 10. Qf3 Bb7 11. Kh1 Be7 12. Bd2 Rc8 13. Qh3 Nc5 14. Rae1 0-0 15. b4 Nxd3 16. cxd3 Qd7 17. Rc1 Rc7 18. Nde2 Rfc8 19. Qe3 Bd8 20. b5 Rc5 21. Qd4 Qe7 22. bxa6 Bxa6 23. Nb5 Rxc1 24. Rxc1 Rxc1+ 25. Bxc1 Bxb5 26. axb5 d5 27. Nc3 Qc7 28. Bd2 dxe4 29. dxe4 Be7 30. e5 Bc5 31. Qc4 Ng4 32. Ne4 Qd7 33. h3 Nf2+ 34. Nxf2 Qxd2 35. Nd3 Qd1+ 36. Kh2 Qg1+ 37. Kg3 Qe3+ 38. Kh2 Qg1+ 39. Kg3 Qe3+ 40. Kh2 1/2-1/2